[Event "Michigan Masters/Experts"]
[Site "Grand Rapids, MI"]
[Date "1998.??.??"]
[Round "?"]
[White "Garrison, Ray"]
[Black "Ward, Tom"]
[Result "0-1"]
[WhiteElo "2025"]
[BlackElo "2235"]
[PlyCount "56"]
[EventDate "1998.01.??"]

1. e3 Nf6 2. f4 d5 3. Nf3 Bf5 4. Ne5 h5 5. c4 e6 6. Nc3 c6 7. Qb3 Qc7 8. cxd5
exd5 9. d3 Nbd7 10. Nxd7 Qxd7 11. Bd2 Bc5 12. Na4 Be7 13. Rc1 b6 14. g3 Rd8 15.
h3 c5 16. Nc3 O-O 17. Qa4 Qb7 18. Rh2 Rfe8 19. Bg2 Bxd3 20. g4 Ne4 21. g5 b5
22. Qd1 g6 23. h4 Bd6 24. Ne2 Bxe2 25. Qxe2 Bxf4 26. Rh3 Qe7 27. exf4 Qd7 28.
Bxe4 Qxh3 0-1

[Event "Lansing Mini-Swiss.1"]
[Site "Lansing, MI"]
[Date "1998.??.??"]
[Round "?"]
[White "Garrison, Ray"]
[Black "Kitts, Gary"]
[Result "1-0"]
[WhiteElo "1840"]
[BlackElo "2040"]
[PlyCount "61"]
[EventDate "1998.??.??"]

1. e4 e6 2. d4 d5 3. e5 c5 4. c3 Nc6 5. Nf3 Nge7 6. Bd3 Nf5 7. O-O cxd4 8. cxd4
Nfxd4 9. Nxd4 Nxd4 10. Nc3 Nc6 11. f4 a6 12. Ne2 Bd7 13. Be3 Rc8 14. Kh1 Be7
15. Ng3 g6 16. Ne2 O-O 17. Ng1 Nb4 18. Bb1 Qc7 19. Rf2 Bc5 20. Qf3 d4 21. Bd2
Bc6 22. Qh3 d3 23. Bxb4 Bxf2 24. Bxf8 d2 25. Bd3 Bxg1 26. Bd6 Qb6 27. Rxg1 Qxb2
28. f5 exf5 29. Bxf5 gxf5 30. Qxf5 Bxg2+ 31. Rxg2+ 1-0

[Event "Lansing Mini-Swiss.1"]
[Site "Lansing, MI"]
[Date "1998.??.??"]
[Round "?"]
[White "Garrison, Ray"]
[Black "Jointer, William"]
[Result "1-0"]
[WhiteElo "1840"]
[BlackElo "1620"]
[PlyCount "61"]
[EventDate "1998.??.??"]

1. e4 d6 2. d4 g6 3. f4 Nf6 4. Nc3 Bg7 5. Nf3 O-O 6. Bd3 Nc6 7. O-O Bg4 8. Be3
Nb4 9. Be2 Qc8 10. h3 Bxh3 11. gxh3 Qxh3 12. Rf2 Ng4 13. Bf1 Nxf2 14. Kxf2 Qg4
15. Be2 c5 16. a3 cxd4 17. Nxd4 Qh4+ 18. Kg2 Nc6 19. Nf3 Qg4+ 20. Kf2 e5 21.
Nd5 exf4 22. Bxf4 Rad8 23. Qh1 h5 24. Rg1 Qc8 25. Nh4 Ne5 26. Ne7+ Kh7 27. Nxc8
Rxc8 28. Bxh5 gxh5 29. Rxg7+ Kxg7 30. Nf5+ Kf6 31. Qh4+ 1-0

[Event "Lansing Mini-Swiss.1"]
[Site "Lansing, MI"]
[Date "1998.??.??"]
[Round "?"]
[White "Garrison, Ray"]
[Black "Hartwig, Thomas"]
[Result "0-1"]
[WhiteElo "1840"]
[BlackElo "2080"]
[PlyCount "130"]
[EventDate "1998.??.??"]

1. e4 c5 2. d4 cxd4 3. c3 dxc3 4. Nxc3 Nc6 5. Nf3 e6 6. Bc4 a6 7. O-O Nge7 8.
Qe2 Ng6 9. e5 d5 10. exd6 Bxd6 11. Rd1 Qc7 12. Ne4 Be7 13. Bg5 O-O 14. Rac1
Bxg5 15. Nfxg5 h6 16. Nf3 Qe7 17. Qe3 Nge5 18. Nxe5 Nxe5 19. Be2 Nc6 20. Qb6 e5
21. Nd6 Nd4 22. Bc4 Be6 23. Nxb7 Rfb8 24. Bxa6 Rxa6 25. Qxa6 Qxb7 26. Qxb7 Rxb7
27. Rd2 Bxa2 28. Ra1 Be6 29. Kf1 Kf8 30. Re1 f6 31. Rxd4 exd4 32. Rxe6 Rxb2 33.
Rd6 Rb4 34. Ke2 Ke7 35. Ra6 Rb2+ 36. Kd3 Rxf2 37. Ra7+ Kf8 38. Ra8+ Kf7 39.
Ra7+ Kg6 40. Kxd4 Rxg2 41. Ke4 Rxh2 42. Kf4 Rh4+ 43. Kg3 Rb4 44. Kf3 f5 45. Kg3
Kf6 46. Kf3 g6 47. Kg3 Rb6 48. Kf4 g5+ 49. Kg3 g4 50. Kh4 Rb3 51. Ra6+ Kg7 52.
Ra7+ Kf6 53. Ra6+ Ke5 54. Ra5+ Ke4 55. Ra4+ Kf3 56. Ra1 g3 57. Kh3 g2 58. Kh2
Re3 59. Kg1 h5 60. Rb1 h4 61. Rc1 h3 62. Kh2 Kf2 63. Rf1+ gxf1=N+ 64. Kh1 Kg3
65. Kg1 Re1 0-1

[Event "Michigan Open"]
[Site "Flint, MI"]
[Date "1998.??.??"]
[Round "?"]
[White "Garrison, Ray"]
[Black "Ballicora, Miguel"]
[Result "0-1"]
[WhiteElo "1820"]
[BlackElo "2055"]
[PlyCount "66"]
[EventDate "1998.09.??"]

{9/5} 1. e4 c5 2. d4 cxd4 3. c3 dxc3 4. Nxc3 Nc6 5. Nf3 e6 6. Bf4 a6 7. Bd6
Bxd6 8. Qxd6 Nge7 9. Bd3 O-O 10. h4 f6 11. h5 Qb6 12. Rb1 Qb4 13. Qg3 d5 14. a3
Qa5 15. Kd1 Bd7 16. Ne2 dxe4 17. Bxe4 Rad8 18. b4 Qxa3 19. Bxh7+ Kh8 20. h6 g6
21. Ke1 Be8 22. Nf4 Qc3+ 23. Kf1 Qc4+ 24. Kg1 Kxh7 25. Rh4 Qa2 26. Re1 e5 27.
Rxe5 Nxe5 28. Nh5 Qa1+ 29. Kh2 Rd1 30. Kh3 Rh1+ 31. Nh2 Bd7+ 32. Rg4 Bxg4+ 33.
Kh4 g5# 0-1

[Event "U.S. Amateur North"]
[Site "Detroit, MI"]
[Date "1998.??.??"]
[Round "?"]
[White "Gardner, G."]
[Black "Williams, Ron"]
[Result "0-1"]
[WhiteElo "1605"]
[BlackElo "1830"]
[PlyCount "82"]
[EventDate "1998.05.??"]

{5/23} 1. e4 c5 2. Nf3 Nc6 3. Bc4 e6 4. c3 d5 5. exd5 exd5 6. Bb3 Be6 7. d4 Nf6
8. Bg5 Be7 9. O-O O-O 10. dxc5 Bxc5 11. Bxf6 Qxf6 12. Qd2 Rad8 13. Qc2 Rfe8 14.
Nbd2 Bf5 15. Qc1 Ne5 16. Nxe5 Rxe5 17. Nf3 Re7 18. Qd2 Be4 19. Ng5 Re5 20. Nxe4
dxe4 21. Qe2 Qe7 22. Rad1 Rf8 23. Kh1 Kh8 24. Rd2 e3 25. fxe3 Bxe3 26. Re1 Bf4
27. Bxf7 Rxe2 28. Rdxe2 Qxf7 29. Rf1 Qd5 30. Ref2 g5 31. h4 h6 32. hxg5 hxg5
33. Rf3 Kg7 34. Rh3 g4 35. Rh4 Qg5 36. Rh2 Bxh2 37. Rxf8 Kxf8 38. Kxh2 g3+ 39.
Kh3 Kf7 40. b3 Kf6 41. c4 Kf5 0-1

[Event "U.S. Amateur North"]
[Site "Detroit, MI"]
[Date "1998.??.??"]
[Round "?"]
[White "Gardner, G."]
[Black "Stinson, A."]
[Result "0-1"]
[WhiteElo "1605"]
[BlackElo "1605"]
[PlyCount "144"]
[EventDate "1998.05.??"]

{5/24} 1. e4 e6 2. Nf3 d5 3. exd5 exd5 4. d4 c6 5. Be2 Nf6 6. Bg5 Be7 7. O-O
O-O 8. c4 Be6 9. cxd5 Nxd5 10. Bxe7 Qxe7 11. Re1 Qd6 12. Nc3 Nd7 13. a3 N7f6
14. Bd3 Nf4 15. Ne4 Nxe4 16. Bxe4 Rae8 17. Qc2 g6 18. Re3 Nd5 19. Bxd5 Bxd5 20.
Qc3 Rxe3 21. Qxe3 Bxf3 22. gxf3 Rd8 23. Rd1 b6 24. Kg2 Qf8 25. Qe5 Rd5 26. Qc7
Qa8 27. Re1 c5 28. dxc5 Rg5+ 29. Kf1 Rxc5 30. Qg3 Rf5 31. Kg2 h6 32. h4 Kg7 33.
Re5 Qc8 34. Rxf5 Qxf5 35. Qc7 Qa5 36. Qc3+ Qxc3 37. bxc3 Kf6 38. f4 Kf5 39. Kf3
Ke6 40. Ke4 f5+ 41. Kd4 Kd6 42. Kc4 a6 43. a4 Kc6 44. Kd4 b5 45. a5 Kd6 46. c4
b4 47. c5+ Kc6 48. Kc4 b3 49. Kxb3 Kxc5 50. Kc3 Kb5 51. Kd4 Kxa5 52. Ke5 Kb5
53. Kf6 a5 54. Kxg6 a4 55. Kxh6 a3 56. Kg5 a2 57. Kxf5 a1=Q 58. h5 Qg7 59. f3
Kc5 60. Ke6 Qh6+ 61. Ke5 Qxh5+ 62. f5 Qxf3 63. Ke6 Qd5+ 64. Kf6 Qd6+ 65. Kg7
Qe7+ 66. Kg6 Qf8 67. f6 Kd6 68. Kg5 Ke6 69. Kg6 Qxf6+ 70. Kh7 Qg5 71. Kh8 Kf7
72. Kh7 Qg7# 0-1

[Event "U.S. Amateur North"]
[Site "Detroit, MI"]
[Date "1998.??.??"]
[Round "?"]
[White "Gardner, G."]
[Black "Grant, Marco"]
[Result "0-1"]
[WhiteElo "1605"]
[BlackElo "1605"]
[PlyCount "102"]
[EventDate "1998.05.??"]

{5/23} 1. e4 c5 2. Nf3 d6 3. Bc4 a6 4. c3 Nf6 5. Qc2 Nc6 6. d4 cxd4 7. cxd4 Bg4
8. Nbd2 Na5 9. Bd3 Nd7 10. Be2 e6 11. Nb3 Be7 12. Bd2 Nxb3 13. Qxb3 Rb8 14. O-O
O-O 15. h3 Bh5 16. Rfe1 b5 17. Nh2 Bg6 18. Bg4 e5 19. Bxd7 Qxd7 20. dxe5 dxe5
21. Bc3 Bd6 22. Rad1 Qe7 23. a3 Kh8 24. Rd2 b4 25. axb4 Bxb4 26. Bxb4 Rxb4 27.
Qc2 Rfb8 28. Red1 Bxe4 29. Qc5 Qxc5 30. Rd8+ Qf8 31. Rxf8+ Rxf8 32. Ng4 f6 33.
f3 Bc2 34. Kh2 Rxg4 35. Rd2 Rc4 36. b4 h6 37. Kg3 Rb8 38. Rd6 Bd3 39. Rxd3
Rcxb4 40. Ra3 Ra8 41. Ra5 Rb5 42. Ra4 a5 43. Ra3 a4 44. Kg4 Rb3 45. Ra2 a3 46.
Ra1 a2 47. Kg3 Rb1 48. Rxa2 Rxa2 49. Kh4 Rxg2 50. f4 Rb3 51. f5 e4 0-1

[Event "Lansing Mini-Swiss.1"]
[Site "Lansing, MI"]
[Date "1998.??.??"]
[Round "?"]
[White "Gaiefsky, Mike"]
[Black "Kitts, Gary"]
[Result "1-0"]
[WhiteElo "1920"]
[BlackElo "2040"]
[PlyCount "65"]
[EventDate "1998.??.??"]

1. d4 Nf6 2. Nf3 g6 3. c4 Bg7 4. Nc3 d5 5. e3 O-O 6. Be2 dxc4 7. Bxc4 c5 8. O-O
Nc6 9. d5 Na5 10. Be2 Bf5 11. Ng5 h6 12. e4 Bd7 13. Nxf7 Kxf7 14. e5 Nxd5 15.
Qxd5+ Be6 16. Qxc5 Rc8 17. Qe3 Nc4 18. Bxc4 Rxc4 19. f4 Rd4 20. Qe1 Qa5 21. Be3
Rd3 22. Qf2 b6 23. a3 Kg8 24. Rad1 Rxd1 25. Rxd1 Bxe5 26. Qg3 Bxc3 27. bxc3 Qf5
28. Bd4 Bc4 29. Re1 e6 30. h3 Kh7 31. Be5 Qc2 32. Qh4 Bd5 33. Qe7+ 1-0

[Event "Lansing Mini-Swiss.1"]
[Site "Lansing, MI"]
[Date "1998.??.??"]
[Round "?"]
[White "Gaiefsky, Mike"]
[Black "Jointer, William"]
[Result "1-0"]
[WhiteElo "1920"]
[BlackElo "1620"]
[PlyCount "109"]
[EventDate "1998.??.??"]

1. d4 Nf6 2. c4 g6 3. Nc3 d5 4. Nf3 Bg7 5. e3 O-O 6. Bd3 Nc6 7. a3 Bg4 8. b3
Be6 9. c5 a6 10. O-O Qd7 11. Ng5 Bf5 12. b4 h6 13. Bxf5 Qxf5 14. Nf3 Rfe8 15.
Re1 Rad8 16. Ra2 e5 17. dxe5 Nxe5 18. Nd4 Qd3 19. Rc2 g5 20. Nce2 Qg6 21. Ng3
h5 22. Ngf5 g4 23. h4 Ne4 24. Nxg7 Kxg7 25. Bb2 f6 26. Ne2 Nf3+ 27. gxf3 gxf3+
28. Ng3 Nxg3 29. Qxf3 Nf5+ 30. Kh1 Re4 31. Qxe4 Ng3+ 32. fxg3 Qxe4+ 33. Rg2 d4
34. Rf1 Qxe3 35. Bc1 Qe4 36. Kh2 Kg6 37. Rf4 Qe1 38. Bd2 Qa1 39. Rgf2 Rf8 40.
g4 hxg4 41. Rxg4+ Kh5 42. Rg7 d3 43. Rf5+ Kxh4 44. Rh7+ Kg4 45. Rf4+ Kg5 46.
Rf1+ Kg6 47. Rh6+ Kg7 48. Rxa1 Re8 49. Rg1+ Kf7 50. Rh7+ Kf8 51. Rh8+ Ke7 52.
Rxe8+ Kxe8 53. Rg7 b6 54. Rxc7 bxc5 55. Rxc5 1-0

[Event "U.S. Amateur North"]
[Site "Detroit, MI"]
[Date "1998.??.??"]
[Round "?"]
[White "Funderburg, James"]
[Black "Schell, Ken"]
[Result "0-1"]
[WhiteElo "1605"]
[BlackElo "1710"]
[PlyCount "66"]
[EventDate "1998.05.??"]

{5/23} 1. e4 d5 2. e5 e6 3. d4 c5 4. c3 Nc6 5. Nf3 Qb6 6. Bd3 cxd4 7. Nxd4 Nxe5
8. Bb5+ Bd7 9. Bxd7+ Nxd7 10. O-O Ngf6 11. Qa4 Be7 12. Qc2 O-O 13. Be3 Qa6 14.
Nd2 Rfc8 15. f4 Ng4 16. Bf2 Nxf2 17. Rxf2 Nf6 18. N2f3 Ne4 19. Rff1 Rc7 20. Kh1
Rac8 21. f5 Bf6 22. fxe6 fxe6 23. Qe2 Qxe2 24. Nxe2 e5 25. Rad1 Rd8 26. Nd2
Nxd2 27. Rxd2 d4 28. cxd4 exd4 29. Rfd1 Bg5 30. Rxd4 Rxd4 31. Rxd4 Re7 32. Ng1
Re1 33. Rd3 Be3 0-1

[Event "U.S. Amateur North"]
[Site "Detroit, MI"]
[Date "1998.??.??"]
[Round "?"]
[White "Funderburg, James"]
[Black "Mandell, Ed"]
[Result "1-0"]
[WhiteElo "1605"]
[BlackElo "1605"]
[PlyCount "51"]
[EventDate "1998.05.??"]

{5/23} 1. e4 e5 2. Nf3 Nc6 3. Bc4 h6 4. c3 Nf6 5. O-O d5 6. exd5 Nxd5 7. Re1
Bg4 8. Qb3 Bxf3 9. gxf3 Na5 10. Rxe5+ Be7 11. Qa4+ c6 12. Rxd5 Bd6 13. Rxd6
Qxd6 14. Qxa5 b6 15. Qf5 O-O 16. d4 Rae8 17. Be3 b5 18. Bd3 g6 19. Qh3 g5 20.
Qf5 Qg6 21. Qxg6+ fxg6 22. Bxg6 Re6 23. Be4 Rf7 24. d5 cxd5 25. Bxd5 Ree7 26.
Bxf7+ 1-0

[Event "Michigan Masters/Experts"]
[Site "Grand Rapids, MI"]
[Date "1998.??.??"]
[Round "?"]
[White "Fuller, William"]
[Black "Kamberi, Sonny"]
[Result "0-1"]
[WhiteElo "2100"]
[BlackElo "2310"]
[PlyCount "86"]
[EventDate "1998.01.??"]

1. Nf3 Nf6 2. g3 d5 3. Bg2 g6 4. d3 Bg7 5. O-O O-O 6. Nbd2 Nc6 7. e4 d4 8. a4
a6 9. Nc4 Rb8 10. a5 Nd7 11. Nfd2 b5 12. axb6 cxb6 13. f4 b5 14. Na3 Bb7 15.
Nf3 e6 16. Qe1 Re8 17. g4 f5 18. gxf5 exf5 19. Qg3 Ne7 20. e5 Nf8 21. Bd2 Ne6
22. Bb4 Nd5 23. Bd6 Ndxf4 24. Rae1 Nxg2 25. Qxg2 Rc8 26. Qg3 Bf8 27. Nh4 f4 28.
Qg4 Qg5 29. h3 Red8 30. Qxg5 Nxg5 31. Kh2 f3 32. Kg3 Kg7 33. Rf2 Rxd6 34. exd6
Bxd6+ 35. Kg4 Rc5 36. Nxg6 Kxg6 37. Re8 Bc8+ 38. Kh4 Nxh3 39. Rg8+ Kf7 40. Rxc8
Nxf2 41. Rxc5 Bxc5 42. Nb1 Nd1 43. b3 Bb4 0-1

[Event "Michigan Masters/Experts"]
[Site "Grand Rapids, MI"]
[Date "1998.??.??"]
[Round "?"]
[White "Fuller, William"]
[Black "Hahn, David"]
[Result "0-1"]
[WhiteElo "2100"]
[BlackElo "2215"]
[PlyCount "92"]
[EventDate "1998.01.??"]

1. Nf3 d6 2. d4 g6 3. c4 f5 4. h4 Nf6 5. Bg5 Bg7 6. Nc3 c6 7. Bxf6 Bxf6 8. h5
e5 9. hxg6 hxg6 10. Rxh8+ Bxh8 11. dxe5 Bxe5 12. Qd2 Qf6 13. O-O-O Be6 14. Nxe5
dxe5 15. Qd6 Na6 16. Nd5 cxd5 17. cxd5 Rc8+ 18. Kb1 Rd8 19. Qa3 Bxd5 20. Rc1
Be4+ 21. Ka1 Qc6 22. b3 Qd6 23. Qxd6 Rxd6 24. f3 Bc6 25. e3 Nc7 26. b4 Rd2 27.
a4 a6 28. Bxa6 Nxa6 29. b5 Nb4 30. bxc6 Nxc6 31. Rb1 Rd7 32. Rb6 Kf7 33. Kb2
Ne7 34. e4 f4 35. a5 Rc7 36. Kb3 Nc6 37. Ka4 Kf6 38. Kb5 Kg5 39. Kc5 Nxa5+ 40.
Kd5 Nc6 41. Kd6 Rh7 42. Rb1 Kf6 43. Rb5 g5 44. Rb6 g4 45. fxg4 Kg5 46. Ke6 Rh6+
0-1

[Event "Michigan Masters/Experts"]
[Site "Grand Rapids, MI"]
[Date "1998.??.??"]
[Round "?"]
[White "Fuller, William"]
[Black "Garrison, Ray"]
[Result "0-1"]
[WhiteElo "2100"]
[BlackElo "2025"]
[PlyCount "105"]
[EventDate "1998.01.??"]

1. d4 Nf6 2. Nf3 g6 3. Bg5 Ne4 4. Bf4 c5 5. Nbd2 d5 6. c3 Bg7 7. Nxe4 dxe4 8.
Ng5 cxd4 9. Bxb8 Qa5 10. Bf4 dxc3 11. bxc3 Qxc3+ 12. Bd2 Qxa1 13. e3 Qxd1+ 14.
Kxd1 f5 15. Bc4 h6 16. Nh3 g5 17. Ke2 Bd7 18. Rd1 Rc8 19. Bb3 Bb5+ 20. Ke1 Bc3
21. Bxc3 Rxc3 22. Rd5 Bc4 23. Rc5 Rxb3 24. axb3 Be6 25. Rc7 Kf7 26. Rxb7 Rd8
27. Ng1 Rd3 28. Ne2 Rxb3 29. Rxa7 Rb1+ 30. Kd2 Rh1 31. h3 Rh2 32. Nd4 Rxg2 33.
Ke1 Rg1+ 34. Kd2 h5 35. Ra5 Bd7 36. Nxf5 Bxf5 37. Rxf5+ Ke6 38. Ra5 Kf6 39. Ra4
Kf5 40. Ra5+ e5 41. Ra8 Rh1 42. Rf8+ Kg6 43. Rg8+ Kf6 44. Rf8+ Kg7 45. Rf5 Kg6
46. Rxe5 Rxh3 47. Rxe4 Rf3 48. Ke2 g4 49. Re8 Kg5 50. Rg8+ Kh4 51. e4 Kh3 52.
Rg5 Kg2 53. Rf5 {[Remainder unavailable]} 0-1

[Event "Kalamazoo Mini-Swiss.2"]
[Site "Kalamazoo, MI"]
[Date "1998.??.??"]
[Round "?"]
[White "Friso-Engeln, Michael"]
[Black "Ingles, Darrell"]
[Result "0-1"]
[WhiteElo "1605"]
[BlackElo "1605"]
[PlyCount "97"]
[EventDate "1998.??.??"]

1. e4 d5 2. d4 dxe4 3. Bc4 Nf6 4. Nc3 Nc6 5. Nh3 Bxh3 6. gxh3 e6 7. Bf4 Be7 8.
Nb5 O-O 9. Rg1 Nxd4 10. Qxd4 c6 11. Bh6 Qxd4 12. Nxd4 Ne8 13. O-O-O Kh8 14. Bg5
Bxg5+ 15. Rxg5 g6 16. f3 exf3 17. Nxf3 Nf6 18. Rf1 Nd5 19. Bxd5 cxd5 20. Ne5 f6
21. Nxg6+ hxg6 22. Rxg6 Rf7 23. Rf4 Rg7 24. Rh6+ Kg8 25. Rfh4 Kf7 26. Rb4 b6
27. c4 Rc8 28. b3 Rg1+ 29. Kb2 Kg7 30. Rh4 Rg2+ 31. Ka3 dxc4 32. bxc4 Rd8 33.
Rb3 Rh8 34. Rd4 Kg6 35. Rb5 Rxh3+ 36. Kb4 Rhxh2 37. a4 Rh3 38. c5 Rb2+ 39. Kc4
Rc2+ 40. Kb4 a5+ 41. Rxa5 bxa5+ 42. Kb5 Rhc3 43. c6 Rc5+ 44. Kb6 Rxc6+ 45. Kxa5
R2c5+ 46. Kb4 Rg5 47. a5 Ra6 48. Rd1 Rgxa5 49. Rc1 0-1

[Event "Kalamazoo Mini-Swiss.2"]
[Site "Kalamazoo, MI"]
[Date "1998.??.??"]
[Round "?"]
[White "Friso-Engeln, Michael"]
[Black "Bernnal, H."]
[Result "1-0"]
[WhiteElo "1605"]
[BlackElo "1605"]
[PlyCount "91"]
[EventDate "1998.??.??"]

1. e4 c5 2. Bc4 e6 3. Nc3 a6 4. Nh3 Nc6 5. O-O Nd4 6. d3 h6 7. Bf4 b5 8. Bb3
Nxb3 9. axb3 Bb7 10. Re1 Be7 11. Qg4 Nf6 12. Qg3 Nh5 13. Qg4 g6 14. Be5 Nf6 15.
Bxf6 Bxf6 16. e5 Bg7 17. Ne4 Bxe5 18. Nxc5 Bxb2 19. Nxb7 Qc7 20. Rab1 Bc3 21.
Re3 Qxb7 22. Qh4 Rc8 23. Rd1 Qb6 24. d4 Bb4 25. Nf4 Be7 26. Qg3 Rxc2 27. d5 Qd6
28. Red3 e5 29. Nh3 Re2 30. Qf3 Rc2 31. Qe4 O-O 32. Qe3 Kg7 33. Qe4 f5 34. Qe3
e4 35. R3d2 Rxd2 36. Rxd2 Rc8 37. g3 Qb4 38. Rd4 Qa3 39. d6 Bxd6 40. Nf4 Bc5
41. Rxd7+ Kg8 42. Qd2 Qxb3 43. Nd5 Rf8 44. Nf6+ Rxf6 45. Qxh6 Qd1+ 46. Rxd1 1-0

[Event "Michigan Class D/E"]
[Site "Grand Rapids, MI"]
[Date "1998.??.??"]
[Round "?"]
[White "Frelander, Marc"]
[Black "Sinke, Brian"]
[Result "1-0"]
[WhiteElo "1605"]
[BlackElo "1605"]
[PlyCount "128"]
[EventDate "1998.01.??"]

1. e4 c5 2. Nc3 Nc6 3. Nf3 d6 4. Be2 Nd4 5. Nxd4 cxd4 6. Nb5 e5 7. c3 a6 8. Na3
b5 9. cxd4 exd4 10. Nc2 Bb7 11. d3 Qb6 12. b3 g6 13. Bb2 Bg7 14. O-O Ne7 15.
Qd2 O-O 16. Qb4 a5 17. Bxd4 Bxd4 18. Qxd4 Qxd4 19. Nxd4 b4 20. Nb5 d5 21. exd5
Nxd5 22. Bf3 Rfd8 23. Bxd5 Bxd5 24. Nc7 Rac8 25. Nxd5 Rxd5 26. Rfd1 Rc3 27. d4
Rc2 28. h3 Rf5 29. f3 h5 30. a4 h4 31. d5 Rg5 32. g4 hxg3 33. d6 Rcc5 34. d7
Rcd5 35. d8=Q+ Rxd8 36. Rxd8+ Kg7 37. Kg2 Rc5 38. Kxg3 Rc3 39. Rb1 Kf6 40. Kg4
Rc2 41. Rd6+ Ke5 42. Rbd1 Rg2+ 43. Kh4 g5+ 44. Kh5 Rg3 45. f4+ gxf4 46. Ra6
Rxh3+ 47. Kg4 Rxb3 48. Rxa5+ Ke4 49. Re1+ Re3 50. Rf1 Rg3+ 51. Kh4 b3 52. Rb5
Rd3 53. Rb4+ Ke3 54. Kg4 f5+ 55. Kxf5 f3 56. Re4+ Kd2 57. Kf4 b2 58. Rf2+ Kc3
59. Re1 Rd2 60. Rxd2 Kxd2 61. Rf1 Ke2 62. Rb1 f2 63. Rxb2+ Kf1 64. Rxf2+ Kxf2
1-0

[Event "Michigan Amateur"]
[Site "Kalamazoo "]
[Date "1998.??.??"]
[Round "?"]
[White "Frelander, Marc"]
[Black "Saylor, Oliver"]
[Result "1-0"]
[WhiteElo "1605"]
[BlackElo "1605"]
[PlyCount "87"]
[EventDate "1998.07.??"]

{7/18} 1. e4 e5 2. Nf3 Nc6 3. Nc3 Nf6 4. d4 exd4 5. Nxd4 Bb4 6. Nxc6 bxc6 7.
Bd2 O-O 8. Bd3 Re8 9. Bg5 d5 10. O-O Bxc3 11. bxc3 dxe4 12. Bxf6 Qxf6 13. Re1
Rd8 14. Rxe4 Bb7 15. Rb1 Rab8 16. Qe2 h6 17. Rxb7 g6 18. Rxb8 Rxb8 19. Re8+
Rxe8 20. Qxe8+ Kg7 21. Qe3 Qxc3 22. Qxa7 Qa1+ 23. Bf1 Qe5 24. g3 h5 25. Bg2 c5
26. a4 c4 27. a5 g5 28. a6 h4 29. Qe3 Qa1+ 30. Bf1 Qxa6 31. Qe5+ Qf6 32. Qxf6+
Kxf6 33. Bxc4 hxg3 34. hxg3 c5 35. Kg2 Ke7 36. Kf3 f6 37. Kg4 Kd6 38. Kf5 Ke7
39. g4 Kd7 40. Kxf6 Kd6 41. Kf5 Kc6 42. Kxg5 Kb6 43. f4 Ka5 44. c3 1-0

[Event "Michigan Class D/E"]
[Site "Grand Rapids, MI"]
[Date "1998.??.??"]
[Round "?"]
[White "Frelander, Marc"]
[Black "McCrandell, James"]
[Result "1-0"]
[WhiteElo "1605"]
[BlackElo "1605"]
[PlyCount "107"]
[EventDate "1998.01.??"]

1. e4 e5 2. Nf3 Nc6 3. g3 Nf6 4. Nc3 Bc5 5. Bg2 d6 6. O-O Bg4 7. d3 Bd4 8. Qd2
O-O 9. Nb5 Bxf3 10. Bxf3 a6 11. Nxd4 Nxd4 12. Bg2 c6 13. b3 d5 14. exd5 Nxd5
15. Ba3 Re8 16. c4 Nf6 17. Rfe1 b5 18. Bb2 c5 19. Bxa8 Qxa8 20. Bxd4 cxd4 21.
cxb5 axb5 22. f4 e4 23. dxe4 Qa7 24. e5 Ng4 25. Kf1 d3 26. Rad1 Re6 27. Kg2
Qb7+ 28. Kg1 Qa7+ 29. Kf1 Qb7 30. Kg1 Qa7+ 31. Kf1 Qb7 32. Qg2 Qa6 33. Qd2 h6
34. Qxd3 Nxh2+ 35. Ke2 f6 36. Qd8+ Kh7 37. b4 Qxa2+ 38. Qd2 Qa8 39. Qd3+ Kh8
40. Qd8+ Qxd8 41. Rxd8+ Kh7 42. Kf2 Ng4+ 43. Kg2 fxe5 44. fxe5 Kg6 45. Rd5 Kf5
46. Rxb5 Nxe5 47. Rf1+ Ke4 48. Rf4+ Ke3 49. Ra5 Nd3 50. b5 Nxf4+ 51. gxf4 Kxf4
52. Ra6 Re2+ 53. Kf1 Kf3 54. Ra3+ 1-0

[Event "Michigan Class D/E"]
[Site "Grand Rapids, MI"]
[Date "1998.??.??"]
[Round "?"]
[White "Frelander, Marc"]
[Black "Cowans, Winston"]
[Result "1-0"]
[WhiteElo "1605"]
[BlackElo "1605"]
[PlyCount "49"]
[EventDate "1998.01.??"]

1. e4 g6 2. g3 Bg7 3. Bg2 c5 4. Nh3 Qb6 5. c3 Nc6 6. O-O Nf6 7. d3 O-O 8. Bg5
Qxb2 9. Nd2 Qxc3 10. Nf4 h6 11. Rc1 Qd4 12. Nb3 Qb2 13. Rc2 Qa3 14. Bxf6 Bxf6
15. Nxc5 Nd4 16. Qc1 Nxc2 17. Qxa3 Nxa3 18. h4 a6 19. Rc1 d6 20. Na4 Bd4 21.
Nd5 e6 22. Ne7+ Kg7 23. e5 d5 24. h5 Bd7 25. Nc3 {[Remainder illegible]} 1-0

[Event "Michigan Amateur"]
[Site "Kalamazoo "]
[Date "1998.??.??"]
[Round "?"]
[White "Frelander, Marc"]
[Black "Brendt, H."]
[Result "1-0"]
[WhiteElo "1605"]
[BlackElo "1605"]
[PlyCount "37"]
[EventDate "1998.07.??"]

{7/18} 1. e4 c5 2. Nf3 d6 3. Nc3 Nc6 4. Bb5 a6 5. Bxc6+ bxc6 6. d4 cxd4 7. Nxd4
c5 8. Nf3 Bb7 9. O-O g6 10. e5 Bxf3 11. Qxf3 Rb8 12. exd6 e6 13. Rd1 Qd7 14.
Ne4 Rc8 15. Qc3 f6 16. Nxc5 Bxd6 17. Nxd7 Rxc3 18. bxc3 Kxd7 19. Ba3 1-0

[Event "Kalamazoo Mini-Swiss.1"]
[Site "Kalamazoo, MI"]
[Date "1998.??.??"]
[Round "?"]
[White "Franklin, Stan"]
[Black "Williams, Ken"]
[Result "0-1"]
[WhiteElo "1655"]
[BlackElo "1965"]
[PlyCount "84"]
[EventDate "1998.??.??"]

1. d4 Nf6 2. c4 c5 3. d5 b5 4. b3 bxc4 5. bxc4 g6 6. Bb2 Bg7 7. Qc2 O-O 8. Nf3
d6 9. e3 Nbd7 10. Bd3 Rb8 11. Nbd2 Rxb2 12. Qxb2 Nxd5 13. Qa3 Bxa1 14. cxd5 Qc7
15. Ke2 Bg7 16. Nc4 Nb6 17. Nxb6 axb6 18. Rb1 Bd7 19. Qb3 Qa7 20. Bc4 Rb8 21.
Nd2 Qa4 22. Qd3 Qa5 23. e4 Qc3 24. f4 Qxd3+ 25. Bxd3 b5 26. Nc4 Ra8 27. Nb6
Rxa2+ 28. Kf3 Be8 29. Bxb5 Bxb5 30. Rxb5 Rb2 31. Rxb2 Bxb2 32. Ke2 Kf8 33. Nc4
Bd4 34. e5 dxe5 35. fxe5 Ke8 36. g4 h6 37. h4 Kd7 38. Kd3 h5 39. g5 Bf2 40.
Nb6+ Kd8 41. Kc4 Bxh4 42. Kxc5 Bf2+ 0-1

[Event "Kalamazoo Mini-Swiss.1"]
[Site "Kalamazoo, MI"]
[Date "1998.??.??"]
[Round "?"]
[White "Franklin, Stan"]
[Black "Treacy, Joe"]
[Result "1-0"]
[WhiteElo "1685"]
[BlackElo "1605"]
[PlyCount "67"]
[EventDate "1998.??.??"]

1. d4 Nf6 2. c4 c5 3. e3 cxd4 4. exd4 g6 5. Nf3 d6 6. Be2 Bg7 7. O-O O-O 8. Nc3
Bf5 9. Bf4 Nbd7 10. Rc1 Qb6 11. b3 Rfc8 12. Nh4 Be4 13. d5 h6 14. Be3 Qd8 15.
f3 g5 16. fxe4 gxh4 17. Qd2 Kh7 18. Bd3 Ne5 19. h3 Qh8 20. Ne2 Kg8 21. Nd4 e6
22. dxe6 Re8 23. exf7+ Kxf7 24. Nf5 Rad8 25. Bxh6 Nxd3 26. Bxg7 Qh7 27. Qxd3
Rg8 28. Bxf6 Kxf6 29. Nh6+ Kg5 30. Nxg8 Qxg8 31. Rf5+ Kh6 32. Qe3+ Kh7 33. Rh5+
Kg7 34. Rg5+ 1-0

[Event "Michigan Class B"]
[Site "Grand Rapids, MI"]
[Date "1998.??.??"]
[Round "?"]
[White "Franklin, Stan"]
[Black "Rotberg, Victor"]
[Result "1/2-1/2"]
[WhiteElo "1635"]
[BlackElo "1710"]
[PlyCount "138"]
[EventDate "1998.01.??"]

1. e4 e6 2. d4 d5 3. Nd2 c5 4. Ngf3 Nc6 5. Bb5 Bd7 6. exd5 exd5 7. dxc5 Bxc5 8.
O-O Nge7 9. Nb3 Bd6 10. Bg5 O-O 11. Qd2 a6 12. Be2 Qc7 13. Rad1 f6 14. Bh4 Bf4
15. Bg3 Bxg3 16. fxg3 Be6 17. c3 Rfe8 18. Nfd4 Bf7 19. Bf3 Ne5 20. Be2 Nc4 21.
Bxc4 dxc4 22. Nc1 Rad8 23. Qf2 Nd5 24. Rde1 b5 25. Rxe8+ Rxe8 26. Re1 Qd7 27.
Rxe8+ Qxe8 28. Qe2 Qd7 29. h3 a5 30. a3 Nb6 31. Qf2 Na4 32. Qf5 Qxf5 33. Nxf5
Be8 34. Nd6 Bc6 35. Ne2 Nxb2 36. Nd4 Bd5 37. N4xb5 Kf8 38. g4 g6 39. g3 Ke7 40.
Kf2 Be6 41. Ke3 Kd7 42. Ne4 Ke7 43. Kd4 h5 44. gxh5 gxh5 45. Nf2 f5 46. Nc7 Bc8
47. Nd5+ Kd6 48. Nf4 Kc6 49. Nxh5 Kb5 50. Nf6 Bd7 51. Nd5 Bc6 52. Ne7 Bf3 53.
Nxf5 Ka4 54. Ne4 Bxe4 55. Kxe4 Nd3 56. h4 Kxa3 57. Kd4 Nf2 58. Kxc4 a4 59. Ne3
Kb2 60. Kb4 Ne4 61. Kxa4 Nxc3+ 62. Kb4 Ne4 63. g4 Kc1 64. g5 Kd2 65. Nf5 Kd3
66. g6 Nf6 67. g7 Ke4 68. Ng3+ Ke5 69. h5 Ng8 1/2-1/2

[Event "Kalamazoo Mini-Swiss.1"]
[Site "Kalamazoo, MI"]
[Date "1998.??.??"]
[Round "?"]
[White "Franklin, Stan"]
[Black "Moore, Robert"]
[Result "1-0"]
[WhiteElo "1610"]
[BlackElo "1610"]
[PlyCount "75"]
[EventDate "1998.??.??"]

1. d4 g6 2. c4 Bg7 3. e4 d6 4. h3 e5 5. Nf3 Nc6 6. d5 Nce7 7. Bg5 Bd7 8. Nc3
Nf6 9. Qd2 h6 10. Bh4 g5 11. Bg3 Nh5 12. Bh2 Ng6 13. Be2 Nhf4 14. Bxf4 Nxf4 15.
Bf1 f5 16. g3 Ng6 17. Bd3 f4 18. O-O-O Qf6 19. g4 Ke7 20. Bc2 a6 21. c5 h5 22.
gxh5 Rxh5 23. cxd6+ cxd6 24. Rdg1 Rah8 25. Bd1 Rxh3 26. Rxh3 Rxh3 27. Nxg5 Rh2
28. Ne6 Bxe6 29. dxe6 Qxe6 30. Nd5+ Kf8 31. Bg4 Qe8 32. Kb1 Ne7 33. Nxf4 Bh6
34. Ne6+ Kf7 35. Qxd6 Nc6 36. Bf5 Ne7 37. Nd8+ Kf8 38. Qf6+ 1-0